Statistics for Patron Saints of Countries

Click here to take the quiz!

General Stats

  • This quiz has been taken 130 times
  • The average score is 5 of 23

Answer Stats

HintAnswer% Correct
IrelandPatrick
97%
EnglandGeorge
79%
ScotlandAndrew
73%
FranceJoan of Arc
47%
GreecePaul
42%
SpainJames
40%
BelgiumJoseph
23%
ChinaFrancis Xavier
20%
PolandJohn Paul II
17%
GermanyMichael
13%
ItalyFrancis of Assisi
12%
MexicoOur Lady of Guadalupe
10%
PeruRose of Lima
10%
PortugalOur Lady of Fatima
4%
AngolaImmaculate Heart of Mary
2%
BrazilOur Lady of Aparecida
2%
United StatesOur Lady of the Immaculate Conception
2%
HungaryStephen I
2%
EthiopiaFrumentius
1%
PhillipinesLorenzo Ruiz
1%
CanadaJean de Brébeuf
0%
AustriaLeopold III
0%
CzechiaWenceslaus I
0%

Score Distribution

Percentile by Number Answered

Percent of People with Each Score

Your Score History

You have not taken this quiz